Պոլսահայ գրականութիւնը 20-րդ դարի կէսից մինչեւ մեր օրերը ։ (Record no. 529545)
[ view plain ]
| 000 -LEADER | |
|---|---|
| fixed length control field | 01850nam a2200277 a 4500 |
| 001 - CONTROL NUMBER | |
| control field | 1930930 |
| 003 - CONTROL NUMBER IDENTIFIER | |
| control field | AM-YEHGA |
| 005 - DATE AND TIME OF LATEST TRANSACTION | |
| control field | 20250617164805.0 |
| 008 - FIXED-LENGTH DATA ELEMENTS--GENERAL INFORMATION | |
| fixed length control field | 231117s2023 ai |||||||||||1|||0|arm|d |
| 020 ## - INTERNATIONAL STANDARD BOOK NUMBER | |
| International Standard Book Number | 9789939782614 |
| 040 ## - CATALOGING SOURCE | |
| Original cataloging agency | AM-YeHGA |
| 041 0# - LANGUAGE CODE | |
| Language code of text/sound track or separate title | arm |
| 090 ## - LOCALLY ASSIGNED LC-TYPE CALL NUMBER (OCLC); LOCAL CALL NUMBER (RLIN) | |
| -- | 567986 |
| 245 00 - TITLE STATEMENT | |
| Title | Պոլսահայ գրականութիւնը 20-րդ դարի կէսից մինչեւ մեր օրերը ։ |
| Remainder of title | Համահայկական գիտաժողովի զեկուցումներ / |
| Statement of responsibility, etc. | «Համազգային» հայ կրթական եւ մշակութային միութիւն ; Խ․ Աբովեանի անուան հայկական պետական մանկավարժական համալսարանի «Սփիւռք» գիտաուսումնական կենտրոն ; [Կազմ․՝ Ռ․ Առաքելեան, Ն․ Նահապետեան ; Խմբ․՝ Ք․ Աբրահամեան ; Անգլերեն տեքստերի խմբ․՝ Մ․ Կիրակոսեան]․ |
| 260 ## - PUBLICATION, DISTRIBUTION, ETC. | |
| Place of publication, distribution, etc. | Երևան : |
| Name of publisher, distributor, etc. | Արմավ, |
| Date of publication, distribution, etc. | 2023. |
| 300 ## - PHYSICAL DESCRIPTION | |
| Extent | 248 էջ ; |
| Dimensions | 21 սմ․ |
| 504 ## - BIBLIOGRAPHY, ETC. NOTE | |
| Bibliography, etc. note | Տողատակում՝ մատենագիտական ծանոթագրություններ։ |
| 650 14 - SUBJECT ADDED ENTRY--TOPICAL TERM | |
| Topical term or geographic name entry element | Սփյուռքահայ գրականություն |
| Form subdivision | Հոդվածների ժողովածուներ |
| 700 1# - ADDED ENTRY--PERSONAL NAME | |
| Personal name | Առաքելեան, Ռուզան |
| Relator term | կազմ․ |
| Relationship | com |
| 700 1# - ADDED ENTRY--PERSONAL NAME | |
| Personal name | Նահապետեան, Նաիրա |
| Relator term | կազմ․ |
| Relationship | com |
| 700 1# - ADDED ENTRY--PERSONAL NAME | |
| Personal name | Աբրահամեան, Քնարիկ |
| Relator term | խմբ․ |
| Relationship | edt |
| 700 1# - ADDED ENTRY--PERSONAL NAME | |
| Personal name | Կիրակոսեան, Մարինէ |
| Relator term | խմբ․ |
| Relationship | edt |
| 710 2# - ADDED ENTRY--CORPORATE NAME | |
| Corporate name or jurisdiction name as entry element | «Համազգային» հայ կրթական եւ մշակութային միութիւն |
| 710 2# - ADDED ENTRY--CORPORATE NAME | |
| Corporate name or jurisdiction name as entry element | Խ․ Աբովեանի անուան հայկական պետական մանկավարժական համալսարանի «Սփիւռք» գիտաուսումնական կենտրոն ; |
| 942 ## - ADDED ENTRY ELEMENTS (KOHA) | |
| Source of classification or shelving scheme | Universal Decimal Classification |
| Koha item type | Գրքեր / Books |
| Withdrawn status | Lost status | Source of classification or shelving scheme | Damaged status | Not for loan | Collection | Home library | Current library | Date acquired | Total checkouts | Full call number | Barcode | Date last seen | Price effective from | Koha item type | Public note |
|---|---|---|---|---|---|---|---|---|---|---|---|---|---|---|---|
| Universal Decimal Classification | General | Fundamental Scientific Library | Fundamental Scientific Library | 27/02/2024 | AII/111546 | FL0682407 | 27/02/2024 | 27/02/2024 | Գրքեր / Books | 30 Days Loan | |||||
| Universal Decimal Classification | General | Fundamental Scientific Library | Fundamental Scientific Library | 27/02/2024 | AII/111547 | FL0682408 | 27/02/2024 | 27/02/2024 | Գրքեր / Books | 30 Days Loan |
ՀՀ Գիտությունների ազգային ակադեմիայի հիմնարար գիտական գրադարան = Fundamental Scientific Library of NAS RA
All site content, except where otherwise noted, is licensed under a